Foreign-Born Population: Finland Quiz Stats

 Plays Quiz Updated Feb 13, 2019

Support Sporcle.
Go Orange.
Score 0/20 Timer 05:00
2 Plays Today
Foreign-Born Population Country % Correct
30,640Sweden
97.3%
6,702Russia
96.7%
4,213United Kingdom
93.6%
5,572Germany
92.3%
3,761United States
91.4%
1,793France
87.1%
5,982China
85.4%
2,441Poland
80.8%
1,607Italy
75.3%
3,200India
74.8%
Foreign-Born Population Country % Correct
19,174Estonia
74.6%
4,470Turkey
60.4%
3,803Iran
52.5%
5,294Iraq
51%
3,969Vietnam
41.2%
2,154Afghanistan
35.8%
5,394Thailand
34.1%
1,505Philippines
31.3%
6,352Somalia
23.9%
1,503Morocco
23.2%

From the Vault

Best Picture Oscar Winners Since 1970

by Matt

Movies 7m
The real winner are the audience members who get to leave after this award is presented.
Remove Ads.
Support Sporcle.
Get the best of Sporcle when you Go Orange. This ad-free experience offers more features, more stats, and more fun while also helping to support Sporcle. Thank you for becoming a member.

Show Comments

Extras

Top Quizzes Today


Score Distribution

Your Account Isn't Verified!

In order to create a playlist on Sporcle, you need to verify the email address you used during registration. Go to your Sporcle Settings to finish the process.

Report this User

Report this user for behavior that violates our Community Guidelines.

Details: